000 00397nam a2200145Ia 4500
008 191111s9999 xx 000 0 und d
020 _a9781451195262
100 _aMoore, Margaret.
245 _cMargaret Moore.
_aCoaching psychology manual /
250 _a2nd ed
260 _aUSA :
_bWolters Kluwer
_c2016
300 _axix, 184 pages.
650 _aHealth behavior
650 _aHealth coaches
999 _c362568
_d362568